000 00594nam a2200169 i 4500
001 63552
003 ES-MaACL
005 20230906164915.0
007 t|
008 031211s1910 sp ||||1| spa d
100 1 _aFerret y Obrador, Gabriel.
_950561
245 1 0 _aTuberculides pápulo-necróticas
_b: ; tuberculosis cutánea atípica de nódulos pequeños ; agnitis ; foliclis /
_cG. Ferret.
260 _aBarcelona :
_bGuinart y Pujolar,
_c1910.
300 _a38 p., 9 lám. ;
_c24 cm.
502 _aPrecede al tít.: Tésis para el doctorado en Medicina.
852 _aES-MaACL
_jT-1365-F-11
999 _c63552
_d63552